Miasta klubów NBA - Statystyki

Ogólne statystyki
  • Ten quiz został rozwiązany 2 551 razy
  • Średni wynik to 20 z 30
Statystyki odpowiedzi
Nazwa Miasto % Poprawnych
Lakers Los Angeles
91%
Clippers Los Angeles
91%
Nuggets Denver
89%
Bulls Chicago
85%
Nets Nowy Jork
84%
Knicks Nowy Jork
84%
Celtics Boston
82%
Trail Blazers Portland
79%
Mavericks Dallas
77%
Heat Miami
77%
Rockets Houston
76%
Spurs San Antonio
76%
Raptors Toronto
74%
Wizards Waszyngton
73%
Suns Phoenix
72%
Kings Sacramento
70%
Magic Orlando
68%
Grizzlies Memphis
66%
Pistons Detroit
65%
Hawks Atlanta
64%
Warriors San Francisco
61%
Hornets Charlotte
53%
Cavaliers Cleveland
53%
76ers Filadelfia
53%
Pelicans Nowy Orlean
48%
Thunder Oklahoma City
48%
Bucks Milwaukee
47%
Pacers Indianapolis
33%
Jazz Salt Lake City
31%
Timberwolves Minneapolis
30%
Nie znaleziono quizów pasujących do podanych kryteriów
Rozkład punktacji
Procent ludzi z każdym wynikiem
Percentyl według liczby udzielonych odpowiedzi
Twoja historia wyników
Nie rozwiązałeś tego quizu